Szczegóły MARC21

Manifest Alpha : Gedichte /

003 -Nazwa inst., której nr kontr. jest w polu 001 [,]
    • @
    • Nazwa instytucji, której n kontrolny jest w polu 001
    • NUKAT
005 -DATA I CZAS OSTATNIEJ MODYFIKACJI [,]
    • @
    • pole kontrolne
    • 20241231112939.0
040 -Instytucja sporządzająca opis [ , ]
    • a
    • Instytucja, która sporządziła opis (NP)
    • SZCZ U/AB
    • b
    • Język katalogowania
    • pol
    • e
    • Zasady katalogowania
    • rda
    • c
    • Instytucja, która sporządziła rekord (NP)
    • SZCZ U/ABs
942 -Rodzaj dokumentu [ , ]
    • c
    • Rodzaj dokumentu
    • Książka
100 -Hasło główne - nazwa osobowa [1, ]
    • a
    • Nazwa osobowa (NP)
    • Gong, Alfred
    • d
    • Daty biograficzne (NP)
    • (1920-1981).
    • e
    • Rodzaj współpracy
    • Autor
    • 9
    • KHW
    • 494252
245 -Strefa tytułu i oznaczenia odpowiedzialności [1,0]
    • a
    • Tytuł
    • Manifest Alpha : Find
    • b
    • Ciąg dalszy tytułu (NP)
    • Gedichte / Find
    • c
    • Pozostałe elementy strefy tytułu i oznaczenia odpowiedzialności (NP)
    • Alfred Gong.
260 -Strefa adresu wydawniczego [ , ]
    • a
    • Miejsce wydania (P)
    • Wien :
    • b
    • Nazwa wydawcy (P)
    • Bergland Verlag,
    • c
    • Data wydania (P)
    • 1961.
300 -Strefa opisu fizycznego [ , ]
    • a
    • Określenie formy książki i/lub objętość (NP)
    • 61 stron ;
    • c
    • Format (NP)
    • 20 cm.
336 -Typ zawartości [ , ]
    • a
    • Termin opisujący typ zawartości
    • Tekst
    • b
    • Kod określający zawartość
    • txt
    • 2
    • Źródło (terminu i kodu)
    • rdacontent
337 -Typ mediów [ , ]
    • a
    • Tryb odtwarzania
    • Bez urządzenia pośredniczącego
    • b
    • Kod typu mediów
    • n
    • 2
    • Źródło (terminu i kodu)
    • rdamedia
338 -Typ/rodzaj nośnika [ , ]
    • a
    • Hasło opisujące typ nośnika
    • Wolumin
    • b
    • Kod typu nośnika
    • nc
    • 2
    • Źródło (terminu i kodu)
    • rdacarrier
380 -Deskryptor - Forma dzieła (P) [ , ]
    • a
    • forma dzieła (NP)
    • Poezja
490 -Strefa serii i książki wielotomowej - forma nie do wyszukiwania [1, ]
    • a
    • Tytuł (P)
    • Neue Dichtung aus Österreich ; Find
    • v
    • Numeracja (P)
    • Bd. 76
830 -Hasło dodatkowe serii i opisu książki wielotomowej - tytuł ujednolicony/tytuł [ ,0]
    • a
    • Tytuł ujednolicony/tytuł (NP)
    • Neue Dichtung aus Österreich
    • v
    • Oznaczenie tomu (NP)
    • Bd. 76
    • 9
    • KHW
    • 502065
500 -Uwaga ogólna [ , ]
    • a
    • Uwaga ogólna (NP)
    • © Alfred Gong, New York, 1961.
536 -Uwaga dot. finansowania książki [ , ]
    • a
    • Tekst uwagi
    • Herausgegeben mit Unterstützung des Amtes für Kultur und Volksbildung der Stadt Wien aus Literaturförderungsmitteln 1961
651 -Hasło przedmiotowe w formie nazwy geograficznej [ ,7]
    • a
    • Nazwa geograficzna
    • Bukowina (region)
    • v
    • Określnik formalny
    • poezje.
    • 2
    • Źródło terminu
    • kaba
    • 9
    • KHW
    • 498510
655 -Hasło w funkcji tematu formalnego [ ,7]
    • a
    • Hasło
    • Poezja rumuńska
    • y
    • Określnik chronologiczny
    • 1945-.
    • 2
    • Źródło terminu
    • kaba
    • 9
    • KHW
    • 501777
Numer inwentarzowy Status udost. Data inwentaryzacji Lokalizacja Sygnatura
BC.12489-32019-03-23BMGerm. Poezja